<?xml version="1.0" encoding="UTF-8"?><?xml-stylesheet type="text/xsl" href="static/style.xsl"?><OAI-PMH xmlns="http://www.openarchives.org/OAI/2.0/" xmlns:xsi="http://www.w3.org/2001/XMLSchema-instance" xsi:schemaLocation="http://www.openarchives.org/OAI/2.0/ http://www.openarchives.org/OAI/2.0/OAI-PMH.xsd"><responseDate>2026-04-17T06:29:38Z</responseDate><request verb="GetRecord" identifier="oai:www.recercat.cat:10459.1/69609" metadataPrefix="marc">https://recercat.cat/oai/request</request><GetRecord><record><header><identifier>oai:recercat.cat:10459.1/69609</identifier><datestamp>2026-01-19T19:32:20Z</datestamp><setSpec>com_2072_3622</setSpec><setSpec>col_2072_479130</setSpec></header><metadata><record xmlns="http://www.loc.gov/MARC21/slim" xmlns:dcterms="http://purl.org/dc/terms/" xmlns:xsi="http://www.w3.org/2001/XMLSchema-instance" xmlns:doc="http://www.lyncode.com/xoai" xsi:schemaLocation="http://www.loc.gov/MARC21/slim http://www.loc.gov/standards/marcxml/schema/MARC21slim.xsd">
   <leader>00925njm 22002777a 4500</leader>
   <datafield ind2=" " ind1=" " tag="042">
      <subfield code="a">dc</subfield>
   </datafield>
   <datafield ind2=" " ind1=" " tag="720">
      <subfield code="a">Stöber, Karen</subfield>
      <subfield code="e">author</subfield>
   </datafield>
   <datafield ind2=" " ind1=" " tag="260">
      <subfield code="c">2016</subfield>
   </datafield>
   <datafield ind2=" " ind1=" " tag="520">
      <subfield code="a">Las comunidades monásticas son un ejemplo muy útil para examinar diferentes formas y maneras de negociar la Auctoritas en un contexto institucional. En este trabajo se expone, a modo de introducción, una serie de situaciones en las que las comunidades religiosas se enfrentaban con la necesidad de negociar la autoridad, tanto interna como externamente, con sus fundadores y patrocinadores, con sus&#xd;
vecinos, y con las diversas autoridades eclesiásticas y seculares. A continuación, se elabora el estudio de caso del convento cisterciense femenino de Bonrepòs en Cataluña, que servirá para ejemplificar muchas de las cuestiones planteadas en la introducción, demostrando que esas&#xd;
comunidades religiosas fueron instituciones dinámicas operando en el marco de unas amplias redes de contacto.</subfield>
   </datafield>
   <datafield ind2=" " ind1=" " tag="520">
      <subfield code="a">Monastic communities provide a very useful example for examining different ways and means of negotiating Auctoritas in an institutional context. This paper will outline, by way of introduction, a range of situations in which religious communities were confronted with having to negotiate authority both internally and externally, with founders and patrons, neighbours, and various ecclesiastical and secular authorities. Following this, the case study of the Cistercian nunnery of Bonrepòs in Catalonia will serve to exemplify many of the points made in the introduction, showing those communities to be greatly dynamic institutions that operated within the framework of wide-ranging contact-networks.</subfield>
   </datafield>
   <datafield ind2=" " ind1=" " tag="520">
      <subfield code="a">El presente trabajo fue realizado en el marco del proyecto ‘Auctoritas. Església, Cultura i Poder, s.XII ‐ XV’ (HAR2012‐31484).</subfield>
   </datafield>
   <datafield tag="653" ind2=" " ind1=" ">
      <subfield code="a">Comunidades religiosas</subfield>
   </datafield>
   <datafield tag="653" ind2=" " ind1=" ">
      <subfield code="a">Cistercienses</subfield>
   </datafield>
   <datafield tag="653" ind2=" " ind1=" ">
      <subfield code="a">Cartujos</subfield>
   </datafield>
   <datafield tag="653" ind2=" " ind1=" ">
      <subfield code="a">Cataluña</subfield>
   </datafield>
   <datafield tag="653" ind2=" " ind1=" ">
      <subfield code="a">Autoridad</subfield>
   </datafield>
   <datafield tag="653" ind2=" " ind1=" ">
      <subfield code="a">Religious communities</subfield>
   </datafield>
   <datafield tag="653" ind2=" " ind1=" ">
      <subfield code="a">Cistercians</subfield>
   </datafield>
   <datafield tag="653" ind2=" " ind1=" ">
      <subfield code="a">Carthusians</subfield>
   </datafield>
   <datafield tag="653" ind2=" " ind1=" ">
      <subfield code="a">Catalonia</subfield>
   </datafield>
   <datafield tag="653" ind2=" " ind1=" ">
      <subfield code="a">Authority</subfield>
   </datafield>
   <datafield ind2="0" ind1="0" tag="245">
      <subfield code="a">Negociando Auctoritas en el monasterio: de reyes, abades y Dios</subfield>
   </datafield>
   <datafield ind2="0" ind1="0" tag="245">
      <subfield code="a">Negotiating Auctoritas in the monastery: about kings, abbots and God</subfield>
   </datafield>
</record></metadata></record></GetRecord></OAI-PMH>